| 000 | 01252nam a2200301 a 4500 | ||
|---|---|---|---|
| 001 | 000044454 | ||
| 005 | 20201002045403.0 | ||
| 008 | 140701s2013 dr ac r 000 0 spa d | ||
| 020 | _a9789945443981 | ||
| 040 |
_aDO-SdBNP _bspa _cBNPHU |
||
| 082 |
_a972.9302 _bB828u |
||
| 100 | 1 |
_aBrea García, Emilio José, _d1950- _972467 |
|
| 245 | 1 | 3 |
_aEl último monumento / _cEmilio José Brea García ; prólogo José Tomás Lithgow Contreras. |
| 260 |
_aSanto Domingo : _bBanco Central de la República Dominicana, _c2013. |
||
| 300 |
_a189 p. : _bil., retrs. ; _c28 cm. |
||
| 490 | 1 |
_aBanco Central de la República Dominicana _v191 |
|
| 490 | 1 |
_aCiencias sociales _v32 |
|
| 500 | _aIncluye referencias bibliográficas y notas al pie de las páginas | ||
| 504 | _aBibliografía : p. 176-179 | ||
| 590 | _aInventariado, 2018/BT | ||
| 600 | 1 | 4 |
_aCOLÓN, CRISTÓBAL _xMONUMENTOS _972468 |
| 610 | 1 | 4 |
_aFARO A COLÓN (SANTO DOMINGO, REPÚBLICA DOMINICANA) _918752 |
| 650 | 4 |
_aMonumentos conmemorativos _zRepública Dominicana _972469 |
|
| 700 | 1 | 2 |
_aLithgow Contreras, José Tomás, _epról. _972470 |
| 830 | 0 |
_aBanco Central de la República Dominicana _n191 _972471 |
|
| 830 | 0 |
_aCiencias sociales _n32 _972472 |
|
| 910 | _aValidado. Control de calidad. MFF | ||
| 999 |
_c43943 _d43943 |
||